000 00724nam a22002177a 4500
003 UA-OsUOA
001 135115
007 ta
008 20190109b un ||||| |||| 00| 0 ukr d
100 _aДерлиця А. Ю.
090 _a330
_bД36
942 _cSA
040 _aUA-OsUOA
_bukr
_cUA-OsUOA
_dUA-OsUOA
245 _aСуспільні фінанси та феномен публічності: семантична конструкція, історична формація,теоретична концепція
300 _aС.106-124
955 _a0
041 _aukr
080 _a330
773 0 _w135112
_tФінанси України
_dК.
_d2018
_g11
650 7 _a330 Економіка взагалі
_2UDC
999 _c420235
_d420235